000 00462nam a2200181Ia 4500
005 20250423095519.0
008 250422s9999 xx 000 0 und d
020 _a978-1-4051-8561-5
050 _aGE149.S58
100 _aH. H. Shugart
245 0 _aGlobal Change and the Terrestrial Biosphere
260 _aWest Sussex
260 _bBlackwell Publishing Co
260 _c2011
300 _a237 p
650 _aGlobal Environmental Change
942 _cBK
999 _c30505
_d30505